000 00492nam a2200169 i 4500
001 49024
003 ES-MaACL
005 20250805063240.0
007 t|
008 030704s1969 sp ||||1| spa d
100 1 _aCoronas Tejada, Luis,
_d1928-2021
_940688
245 1 0 _aDidáctica de la geografía /
_cLuis Coronas Tejada.
260 _a[Salamanca] :
_bAnaya,
_c[1969]
300 _a2 v. :
_bil. ;
_c23 cm.
852 _aES-MaACL
_jC-37635-36
_bR.72257
999 _c49024
_d49024